Capitals With Six Letters - Statistics

General Stats
  • This quiz has been taken 2,173 times
    1,597 since last reset
  • The average score is 34 of 46
Answer Stats
capital % Correct
London
95%
Madrid
91%
Athens
89%
Berlin
89%
Lisbon
89%
Moscow
89%
Dublin
85%
Ottawa
85%
Warsaw
85%
Ankara
83%
Bogotá
81%
Vienna
80%
Zagreb
80%
Tehran
78%
Havana
77%
Luanda
77%
Manila
77%
Prague
77%
Beirut
75%
Lusaka
74%
Maputo
74%
Muscat
74%
Manama
73%
Asmara
72%
Riyadh
72%
Astana
71%
Banjul
71%
Bamako
70%
Bangui
70%
Harare
70%
Tirana
70%
Kigali
68%
Monaco
68%
Maseru
67%
Skopje
66%
Taipei
66%
Malabo
65%
Majuro
64%
Moroni
64%
Nassau
64%
Niamey
64%
Dodoma
62%
Bissau
61%
Roseau
58%
Gitega
57%
Avarua
13%
No matching quizzes found
Score Distribution
Percent of People with Each Score
Percentile by Number Answered
Your Score History
You have not taken this quiz since the last reset